000 00221 a2200097 4500
001 15468
100 _aHilary Adamson
245 _aTravellers Guide to Pakistan
260 _a
_bAsian Study Group
_c
090 _c12091
_d12091
942 _aNUST-CAE
_cM
_c2327
999 _c250541
_d250541